书目信息 |
| 题名: |
护理学中级(主管护师)资格考试应试题库与解析
|
|
| 作者: | ;护理学中级资格考试专家组 编 | |
| 分册: | ||
| 出版信息: | 北京 中国协和医科大学出版社 2021 |
|
| 页数: | 342页 | |
| 开本: | 28cm | |
| 丛书名: | ||
| 单 册: | ||
| 中图分类: | R47-44 | |
| 科图分类: | ||
| 主题词: | 护理学--资格考试--题解 | |
| 电子资源: | ||
| ISBN: | 978-7-5679-1792-7 | |
| 000 | 00992nam0 2200241 450 | |
| 001 | 0100087141 | |
| 005 | 20220418115321.0 | |
| 010 | @a978-7-5679-1792-7@dCNY75.00 | |
| 100 | @a20211126d2021 em y0chiy0120 ea | |
| 101 | 0 | @achi |
| 102 | @aCN@b110000 | |
| 105 | @ay zq 000yy | |
| 106 | @ar | |
| 200 | 1 | @a护理学中级(主管护师)资格考试应试题库与解析@9Hu Li Xue Zhong Ji ( Zhu Guan Hu Shi ) Zi Ge Kao Shi Ying Shi Ti Ku Yu Jie;Xie Xi @f护理学中级资格考试专家组编@b专著 |
| 210 | @a北京@c中国协和医科大学出版社@d2021 | |
| 215 | @a342页@d28cm | |
| 300 | @a2022 全国卫生专业技术资格考试用书 | |
| 330 | @a本书共分九篇,包括:内科护理学,外科护理学,妇产科护理学,儿科护理学,社区护理学,护理健康教育学,医院感染护理学,护理管理学,医疗机构从业人员行为规范与医学伦理学。 | |
| 606 | 0 | @a护理学@x资格考试@j题解 |
| 690 | @aR47-44@v5 | |
| 711 | 02 | @a护理学中级资格考试专家组@4编@9hu li xue zhong ji zi ge kao shi zhuan jia zu |
| 801 | @aCN@baizhi@c20221003 | |
| 905 | @aBZT@dR47@e212@f5@sR47/212 | |
| 护理学中级(主管护师)资格考试应试题库与解析/护理学中级资格考试专家组编.-北京:中国协和医科大学出版社,2021 |
| 342页;28cm |
| 2022 全国卫生专业技术资格考试用书 |
| ISBN 978-7-5679-1792-7:CNY75.00 |
| 本书共分九篇,包括:内科护理学,外科护理学,妇产科护理学,儿科护理学,社区护理学,护理健康教育学,医院感染护理学,护理管理学,医疗机构从业人员行为规范与医学伦理学。 |
| ● |
| 相关链接 |
|
|
|
正题名:护理学中级(主管护师)资格考试应试题库与解析
索取号:R47/212
 
预约/预借
| 序号 | 登录号 | 条形码 | 馆藏地/架位号 | 状态 | 备注 |
| 1 | 2000002422 | 2000002422 | 旧书回溯/ [索取号:R47/212] | 在馆 | |
| 2 | 2000002423 | 2000002423 | 旧书回溯/ [索取号:R47/212] | 在馆 | |
| 3 | 2000002424 | 2000002424 | 旧书回溯/ [索取号:R47/212] | 在馆 | |
| 4 | 2000002425 | 2000002425 | 旧书回溯/ [索取号:R47/212] | 在馆 | |
| 5 | 2000002426 | 2000002426 | 旧书回溯/ [索取号:R47/212] | 在馆 |